Unofficial Countries Quiz - Statistics

General Stats
  • This quiz has been taken 162 times
  • The average score is 23 of 64
Answer Stats
Picture Answer % Correct
Greenland
96%
Puerto Rico
80%
Kosovo
79%
Faroe Islands
78%
Palestine
77%
Taiwan
76%
Gibraltar
72%
Hong Kong
72%
Guam
69%
US Virgin Islands
63%
Macau
59%
American Samoa
56%
Mayotte
55%
Jersey
54%
Guernsey
51%
Western Sahara
45%
Aruba
44%
New Caledonia
44%
French Guiana
42%
Bermuda
41%
Christmas Island
38%
Curacao
38%
Somaliland
38%
Cook Islands
37%
Guadeloupe
37%
French Polynesia
36%
Norfolk Island
35%
Tokelau
35%
Transnistria
35%
Anguilla
34%
Cocos Island
34%
Niue
34%
Reunion
31%
British Virgin Islands
30%
Falkland Islands
30%
Northern Mariana Islands
29%
Zanzibar
27%
Bonaire
26%
Montserrat
26%
Cayman Islands
25%
Easter Island
25%
Martinique
25%
Sint Maarten
25%
Wallis & Futuna
25%
British Indian Ocean Territory
22%
Saint Pierre & Miquelon
22%
Saba
20%
Canary Islands
19%
Pitcairn Islands
19%
Saint Helena
19%
French Southern and Antarctic Lands
17%
Saint Barthelemy
17%
Turks and Caicos Islands
17%
Ascension Island
15%
British Antarctic Territory
15%
Saint Martin
15%
Sint Eustatius
15%
Tristan Da Cunha
15%
Ceuta
13%
Madeira
13%
South Georgia and the South Sandwich Islands
12%
Akrotiri
6%
Dhekelia
5%
Galapagos Islands
5%
No matching quizzes found
Score Distribution
Percent of People with Each Score
Percentile by Number Answered
Your Score History
You have not taken this quiz